| 000 | 00437nam a22001697a 4500 | ||
|---|---|---|---|
| 999 |
_c18946 _d18946 |
||
| 008 | 210527b xxu||||| |||| 00| 0 eng d | ||
| 020 | _a1292304154 | ||
| 050 |
_aHG4026 _b.B47 2020 c.1 |
||
| 100 | _aBerk, Jonathan | ||
| 245 |
_aCorporate Finance _cJonathan Berk |
||
| 250 | _a5th ed. | ||
| 260 |
_aLondon _bPearson _c2020 |
||
| 300 | _a1181p. | ||
| 650 |
_aCorporations _vFinance |
||
| 700 | _aDeMarzo, Peter | ||
| 942 |
_2lcc _cBK |
||